Statistics for Every Inhaler Song

Click here to take the quiz!

General Stats

  • This quiz has been taken 97 times
  • The average score is 29 of 40

Answer Stats

Answer% Correct
AlbumMy Honest Face
93%
SingleMy Honest Face
93%
SingleMy Honest Face
93%
AlbumValentine
84%
SingleLove Will Get You There
82%
AlbumLove Will Get You There
82%
AlbumTotally
82%
SingleWhen It Breaks
82%
AlbumWhen It Breaks
82%
AlbumWho’s Your Money On?
82%
AlbumCheer Up Baby
81%
SingleCheer Up Baby
81%
AlbumDublin In Ecstasy
81%
AlbumIt Won’t Always Be Like This
79%
SingleIt Won’t Always Be Like This
79%
AlbumPerfect Storm
78%
AlbumThese Are The Days
78%
SingleThese Are The Days
78%
AlbumA Night On The Floor
75%
SingleIce Cream Sundae
75%
AlbumIf You’re Gonna Break My Heart
75%
SingleIf You’re Gonna Break My Heart
75%
AlbumMy King Will Be Kind
72%
AlbumSlide Out The Window
72%
SingleFade Into You
69%
AlbumNow You Got Me
69%
AlbumJust To Keep You Satisfied
66%
AlbumThe Things I Do
66%
AlbumWhen I Have Her On My Mind
66%
SingleFalling In
64%
SingleYour Power
64%
AlbumIn My Sleep
63%
AlbumSo Far So Good
63%
AlbumStrange Time To Be Alive
63%
SingleI Want You
61%
SingleWe Have To Move On
61%
SingleOklahoma
60%
SingleIs She My Girl?
58%
SingleWhen I’m With You
43%
SingleThere’s No Other Place
40%

Score Distribution

Percentile by Number Answered

Percent of People with Each Score

Your Score History

You have not taken this quiz